<?xml version="1.0" encoding="UTF-8"?>
<record
    xmlns:xsi="http://www.w3.org/2001/XMLSchema-instance"
    xsi:schemaLocation="http://www.loc.gov/MARC21/slim http://www.loc.gov/standards/marcxml/schema/MARC21slim.xsd"
    xmlns="http://www.loc.gov/MARC21/slim">

  <leader>01036nam a22001937a 4500</leader>
  <controlfield tag="005">20240312150758.0</controlfield>
  <datafield tag="010" ind1=" " ind2=" ">
    <subfield code="a">B-758333-337</subfield>
  </datafield>
  <datafield tag="020" ind1=" " ind2=" ">
    <subfield code="a">9788196148737</subfield>
    <subfield code="c">995.00</subfield>
  </datafield>
  <datafield tag="035" ind1=" " ind2=" ">
    <subfield code="a">B-758333-337</subfield>
  </datafield>
  <datafield tag="037" ind1=" " ind2=" ">
    <subfield code="b">&#x930;&#x93E;&#x927;&#x93E;&#x915;&#x943;&#x937;&#x94D;&#x923;  &#x92A;&#x94D;&#x930;&#x915;&#x93E;&#x936;&#x928;  </subfield>
  </datafield>
  <datafield tag="082" ind1=" " ind2=" ">
    <subfield code="a">&#x909; </subfield>
  </datafield>
  <datafield tag="100" ind1=" " ind2=" ">
    <subfield code="a">&#x924;&#x928;&#x947;&#x91C;&#x93E;, &#x91C;&#x92F;&#x926;&#x947;&#x935; </subfield>
    <subfield code="9">63160</subfield>
  </datafield>
  <datafield tag="245" ind1=" " ind2=" ">
    <subfield code="a">&#x92E;&#x94B;&#x939;&#x928; &#x930;&#x93E;&#x915;&#x947;&#x936; &#x905;&#x927;&#x942;&#x930;&#x947; &#x930;&#x93F;&#x936;&#x94D;&#x924;&#x94B;&#x902; &#x915;&#x940; &#x92A;&#x942;&#x930;&#x940; &#x926;&#x93E;&#x938;&#x94D;&#x924;&#x93E;&#x928;   /</subfield>
    <subfield code="c">&#x91C;&#x92F;&#x926;&#x947;&#x935; &#x924;&#x928;&#x947;&#x91C;&#x93E;</subfield>
  </datafield>
  <datafield tag="260" ind1=" " ind2=" ">
    <subfield code="a">&#x926;&#x93F;&#x932;&#x94D;&#x932;&#x940; </subfield>
    <subfield code="b">&#x930;&#x93E;&#x927;&#x93E;&#x915;&#x943;&#x937;&#x94D;&#x923;  &#x92A;&#x94D;&#x930;&#x915;&#x93E;&#x936;&#x928;  </subfield>
    <subfield code="c">2023</subfield>
  </datafield>
  <datafield tag="270" ind1=" " ind2=" ">
    <subfield code="a">&#x91C;&#x940;-1, &#x91C;&#x917;&#x924;&#x92A;&#x941;&#x930;&#x940; </subfield>
    <subfield code="b">&#x926;&#x93F;&#x932;&#x94D;&#x932;&#x940; </subfield>
    <subfield code="e">110051</subfield>
  </datafield>
  <datafield tag="300" ind1=" " ind2=" ">
    <subfield code="a">399 &#x92A;&#x943;&#x937;&#x94D;&#x920;</subfield>
    <subfield code="c">22 (&#x938;&#x91C;&#x93F;&#x932;&#x94D;&#x926;) </subfield>
  </datafield>
  <datafield tag="942" ind1=" " ind2=" ">
    <subfield code="c">HN</subfield>
    <subfield code="2">ddc</subfield>
    <subfield code="h">&#x909; </subfield>
    <subfield code="m">&#x924;&#x928;&#x947;&#x91C;&#x93E;</subfield>
  </datafield>
  <datafield tag="999" ind1=" " ind2=" ">
    <subfield code="c">201380</subfield>
    <subfield code="d">201380</subfield>
  </datafield>
  <datafield tag="952" ind1=" " ind2=" ">
    <subfield code="0">0</subfield>
    <subfield code="1">0</subfield>
    <subfield code="4">0</subfield>
    <subfield code="7">0</subfield>
    <subfield code="8">FIC</subfield>
    <subfield code="a">L</subfield>
    <subfield code="b">L</subfield>
    <subfield code="d">2024-03-12</subfield>
    <subfield code="e">&#x930;&#x93E;&#x927;&#x93E;&#x915;&#x943;&#x937;&#x94D;&#x923;  &#x92A;&#x94D;&#x930;&#x915;&#x93E;&#x936;&#x928; /BR/4237/13.1.24/107/9.1.24/1.2.24 </subfield>
    <subfield code="g">995.00</subfield>
    <subfield code="l">7</subfield>
    <subfield code="m">1</subfield>
    <subfield code="o">&#x909;  &#x924;&#x928;&#x947;&#x91C;&#x93E;</subfield>
    <subfield code="p">B-758333</subfield>
    <subfield code="q">2026-05-25</subfield>
    <subfield code="r">2026-05-11 17:35:22</subfield>
    <subfield code="s">2026-05-11</subfield>
    <subfield code="t">1</subfield>
    <subfield code="v">995.00</subfield>
    <subfield code="w">2024-03-12</subfield>
    <subfield code="y">HN</subfield>
  </datafield>
  <datafield tag="952" ind1=" " ind2=" ">
    <subfield code="0">0</subfield>
    <subfield code="1">0</subfield>
    <subfield code="4">0</subfield>
    <subfield code="7">0</subfield>
    <subfield code="8">FIC</subfield>
    <subfield code="a">AV</subfield>
    <subfield code="b">AV</subfield>
    <subfield code="d">2024-03-12</subfield>
    <subfield code="e">&#x930;&#x93E;&#x927;&#x93E;&#x915;&#x943;&#x937;&#x94D;&#x923;  &#x92A;&#x94D;&#x930;&#x915;&#x93E;&#x936;&#x928; /BR/4237/13.1.24/107/9.1.24/1.2.24 </subfield>
    <subfield code="g">995.00</subfield>
    <subfield code="l">1</subfield>
    <subfield code="o">&#x909;  &#x924;&#x928;&#x947;&#x91C;&#x93E;</subfield>
    <subfield code="p">B-758334</subfield>
    <subfield code="r">2024-10-07 00:00:00</subfield>
    <subfield code="s">2024-09-20</subfield>
    <subfield code="t">1</subfield>
    <subfield code="v">995.00</subfield>
    <subfield code="w">2024-03-12</subfield>
    <subfield code="y">HN</subfield>
  </datafield>
  <datafield tag="952" ind1=" " ind2=" ">
    <subfield code="0">0</subfield>
    <subfield code="1">0</subfield>
    <subfield code="4">0</subfield>
    <subfield code="7">0</subfield>
    <subfield code="8">FIC</subfield>
    <subfield code="a">TN</subfield>
    <subfield code="b">TN</subfield>
    <subfield code="d">2024-03-12</subfield>
    <subfield code="e">&#x930;&#x93E;&#x927;&#x93E;&#x915;&#x943;&#x937;&#x94D;&#x923;  &#x92A;&#x94D;&#x930;&#x915;&#x93E;&#x936;&#x928; /BR/4237/13.1.24/107/9.1.24/1.2.24 </subfield>
    <subfield code="g">995.00</subfield>
    <subfield code="l">1</subfield>
    <subfield code="m">1</subfield>
    <subfield code="o">&#x909;  &#x924;&#x928;&#x947;&#x91C;&#x93E;</subfield>
    <subfield code="p">B-758335</subfield>
    <subfield code="r">2025-03-15 00:00:00</subfield>
    <subfield code="s">2025-02-12</subfield>
    <subfield code="t">1</subfield>
    <subfield code="v">995.00</subfield>
    <subfield code="w">2024-03-12</subfield>
    <subfield code="y">HN</subfield>
  </datafield>
  <datafield tag="952" ind1=" " ind2=" ">
    <subfield code="0">0</subfield>
    <subfield code="1">0</subfield>
    <subfield code="4">0</subfield>
    <subfield code="7">0</subfield>
    <subfield code="8">FIC</subfield>
    <subfield code="a">BN</subfield>
    <subfield code="b">BN</subfield>
    <subfield code="d">2024-03-12</subfield>
    <subfield code="e">&#x930;&#x93E;&#x927;&#x93E;&#x915;&#x943;&#x937;&#x94D;&#x923;  &#x92A;&#x94D;&#x930;&#x915;&#x93E;&#x936;&#x928; /BR/4237/13.1.24/107/9.1.24/1.2.24 </subfield>
    <subfield code="g">995.00</subfield>
    <subfield code="l">0</subfield>
    <subfield code="o">&#x909;  &#x924;&#x928;&#x947;&#x91C;&#x93E;</subfield>
    <subfield code="p">B-758336</subfield>
    <subfield code="r">2024-03-12 00:00:00</subfield>
    <subfield code="t">1</subfield>
    <subfield code="v">995.00</subfield>
    <subfield code="w">2024-03-12</subfield>
    <subfield code="y">HN</subfield>
  </datafield>
  <datafield tag="952" ind1=" " ind2=" ">
    <subfield code="0">0</subfield>
    <subfield code="1">0</subfield>
    <subfield code="4">0</subfield>
    <subfield code="7">0</subfield>
    <subfield code="8">FIC</subfield>
    <subfield code="a">BL4</subfield>
    <subfield code="b">BL4</subfield>
    <subfield code="d">2024-03-12</subfield>
    <subfield code="e">&#x930;&#x93E;&#x927;&#x93E;&#x915;&#x943;&#x937;&#x94D;&#x923;  &#x92A;&#x94D;&#x930;&#x915;&#x93E;&#x936;&#x928; /BR/4237/13.1.24/107/9.1.24/1.2.24 </subfield>
    <subfield code="g">995.00</subfield>
    <subfield code="l">3</subfield>
    <subfield code="m">1</subfield>
    <subfield code="o">&#x909;  &#x924;&#x928;&#x947;&#x91C;&#x93E;</subfield>
    <subfield code="p">B-758337</subfield>
    <subfield code="r">2025-07-04 00:00:00</subfield>
    <subfield code="s">2025-06-30</subfield>
    <subfield code="t">1</subfield>
    <subfield code="v">995.00</subfield>
    <subfield code="w">2024-03-12</subfield>
    <subfield code="y">HN</subfield>
  </datafield>
</record>
